Catálogo
 En Linea

Historia del desarrollo de Barahona : (Registro nro. 21823)

Detalles MARC
000 -CABECERA
campo de control de longitud fija 01865nam a2200265 a 4500
001 - NÚMERO DE CONTROL
campo de control 000022325
003 - IDENTIFICADOR DEL NÚMERO DE CONTROL
campo de control DO-SdBNP
005 - FECHA Y HORA DE LA ÚLTIMA TRANSACCIÓN
campo de control 20240314200928.0
008 - DATOS DE LONGITUD FIJA--INFORMACIÓN GENERAL
campo de control de longitud fija 100927s1983 dr ac 001 0 spa d
040 ## - FUENTE DE LA CATALOGACIÓN
Centro catalogador/agencia de origen DO-SdBNP
Lengua de catalogación spa
Centro/agencia transcriptor BNPHU
082 ## - NÚMERO DE LA CLASIFICACIÓN DECIMAL DEWEY
Número de clasificación 972.9324
Número de documento/Ítem L864h
100 1# - ENTRADA PRINCIPAL--NOMBRE DE PERSONA
Nombre de persona López Reyes, Oscar,
Fechas asociadas al nombre 1952-
9 (RLIN) 11261
245 10 - MENCIÓN DE TÍTULO
Título Historia del desarrollo de Barahona :
Resto del título narración e interpretación /
Mención de responsabilidad, etc. Oscar López Reyes ; prólogo Wilson S. Gómez Ramírez.
260 ## - PUBLICACIÓN, DISTRIBUCIÓN, ETC.
Lugar de publicación, distribución, etc. Santo Domingo :
Nombre del editor, distribuidor, etc. Talleres de Servicios Gráficos Integrados,
Fecha de publicación, distribución, etc. 1983.
300 ## - DESCRIPCIÓN FÍSICA
Extensión 455 p. :
Otras características físicas il. ;
Dimensiones 21 cm.
504 ## - NOTA DE BIBLIOGRAFÍA, ETC.
Nota de bibliografía, etc. Bibliografía: p. 443-453
505 2# - NOTA DE CONTENIDO CON FORMATO
Título Prólogo --
-- Introducción --
-- España en los siglos XV y XVII --
-- Rebelión de Roldán --
-- Alzamiento de Enriquillo --
-- Barahona : origen y fundación --
-- Ocupación haitiana e independencia nacional --
-- Anexión a España y restauración --
-- Etapa de gran desarrollo y confrontación --
-- Barahona adquiere categoría social --
-- Gobierno del padre Nouel en Barahona --
-- Invasión norteamericana --
-- El gobierno de Horacio Vásquez (1924-1930) --
-- La tiranía de Trujillo (1930-61) --
-- Período post-trujillista (1961-1964) --
-- La revolución del 24 abril --
-- Joaquín Balaguer : 12 años de despotismo ilustrado --
-- Apertura democrático-institucional (1978-1982) --
-- Panorama a finales del siglo XX --
-- Iglesia, política y comunicación --
-- Cultura, arte y literatura --
-- Deportes --
-- Composición geográfica --
-- Bibliografía general.
590 ## - NOTA LOCAL (RLIN)
Nota local Inventariado, 2019/MFF
650 14 - PUNTO DE ACCESO ADICIONAL DE MATERIA--TÉRMINO DE MATERIA
Término de materia o nombre geográfico como elemento de entrada Ciudades y pueblos
Subdivisión geográfica República Dominicana
9 (RLIN) 784
651 14 - PUNTO DE ACCESO ADICIONAL DE MATERIA--NOMBRE GEOGRÁFICO
Nombre geográfico Barahona (República Dominicana{Rpara}
Subdivisión general Historia local
9 (RLIN) 231
651 14 - PUNTO DE ACCESO ADICIONAL DE MATERIA--NOMBRE GEOGRÁFICO
Nombre geográfico Barahona (República Dominicana{Rpara}
Subdivisión general Vida social y costumbres
9 (RLIN) 782
700 1# - PUNTO DE ACCESO ADICIONAL--NOMBRE DE PERSONA
Nombre de persona Gómez Ramírez, Wilson S
Fechas asociadas al nombre 1953-
9 (RLIN) 46083
910 ## - DATOS DE OPCIÓN DEL USUARIO (OCLC)
Datos de opción del usuario Validado. Control de calidad MMOLINA
942 ## - ELEMENTOS DE PUNTO DE ACCESO ADICIONAL (KOHA)
Fuente del sistema de clasificación o colocación Dewey Decimal Classification
Tipo de ítem Koha Libro
Existencias
Estado de retiro Estado de pérdida No para préstamo Código de colección Localización permanente Ubicación/localización actual Ubicación en estantería Fecha de adquisición Número de inventario Total de préstamos Signatura topográfica completa Código de barras Fecha visto por última vez Precio válido a partir de Tipo de ítem Koha Número de copia
    Excluido de préstamo Patrimonio Dominicano Patrimonio Dominicano Patrimonio Dominicano Depósito 27.09.2010 LF1   972.9324 L864h 22325-10 25.06.2020 25.06.2020 Libro y Folleto Colección Patrimonio Dominicano  
    Excluido de préstamo Patrimonio Dominicano Patrimonio Dominicano Patrimonio Dominicano Depósito 06.04.2011 LF1   972.9324 L864h 22325-20 25.06.2020 25.06.2020 Libro y Folleto Colección Patrimonio Dominicano e.2

Con tecnología Koha